Cicada Days - Will Wood Lyrics - Statistics

General Stats
  • This quiz has been taken 10 times
  • The average score is 204 of 309
Answer Stats
Lyrics % Correct
greener
100%
Oh,
100%
oh
100%
a
80%
all
80%
and
80%
And
80%
but
80%
cicada
80%
day
80%
days,
80%
"Do
80%
do
80%
doctor
80%
done?
80%
"Don't
80%
Don't
80%
don't
80%
fade
80%
feels
80%
flags
80%
give
80%
grass
80%
grows
80%
have
80%
hurts!"
80%
I
80%
if
80%
in
80%
inhumane
80%
it
80%
"It
80%
it,
80%
just
80%
Just
80%
know
80%
leave
80%
leave,
80%
lose
80%
losing
80%
love
80%
love."
80%
more
80%
much."
80%
much
80%
much.
80%
my
80%
of
80%
on
80%
red
80%
said,
80%
She
80%
"take
80%
take
80%
than
80%
that
80%
That
80%
The
80%
the
80%
this
80%
to
80%
touch
80%
up
80%
we
80%
we're
80%
were
80%
what
80%
when
80%
where
80%
white,
80%
work
80%
works."
80%
works
80%
yeah,
80%
you
80%
your
80%
amen
60%
ashes
60%
at
60%
bury
60%
butterflies
60%
can't
60%
care",
60%
'Cause
60%
ceiling
60%
Christ,
60%
damn
60%
end
60%
enough
60%
fertilize
60%
gave
60%
get
60%
God
60%
God,
60%
ground
60%
Here
60%
I'll
60%
let
60%
looks
60%
me
60%
no!
60%
nothing,
60%
nothing
60%
now
60%
Okay,
60%
one
60%
One
60%
only
60%
pack
60%
please,
60%
So
60%
sparrows,
60%
sponsor
60%
stars
60%
stuff
60%
then
60%
too
60%
week
60%
whisper
60%
With
60%
with
60%
ain't
40%
beanstalk
40%
braided
40%
bring
40%
change
40%
chemicals
40%
crying
40%
dark,
40%
dreamed
40%
ever
40%
fast
40%
from
40%
glow
40%
gonna
40%
hanging
40%
Is
40%
I've
40%
Keep
40%
knows
40%
late,
40%
lightheaded
40%
make
40%
moths,
40%
nerves
40%
our
40%
Our
40%
out
40%
seasons
40%
shaking
40%
soft
40%
standing
40%
termites
40%
thing
40%
time,
40%
tomorrow's
40%
under
40%
waves
40%
Well,
40%
wildfires
40%
ancient
20%
back,
20%
bloom
20%
bones?
20%
build
20%
burst
20%
coming
20%
deposits
20%
Did
20%
endangered
20%
Ghosts
20%
little
20%
over
20%
pasts?
20%
peppered
20%
phosphenes
20%
Purple
20%
queen-
20%
rivers
20%
Salt
20%
sized
20%
those
20%
trees
20%
warm
20%
weight
20%
won't
20%
words
20%
worth
20%
you're
20%
No matching quizzes found
Score Distribution
Percent of People with Each Score
Percentile by Number Answered
Your Score History
You have not taken this quiz